000 00701nam a2200217Ii 4500
003 JO-AjNU
008 230605s9999||||xx |||||||||||||| ||und||
017 _a2007/3/697
040 _aJO-AjNU
_bara
_erda
_cJO-AjNU
041 _aara
050 1 4 _aPJ7852 2007
100 3 _aإعداد أبوعيد،بنان,
_eauthor
_913358
245 0 0 _aمظفر النواب: حياته وأجمل أشعاره
250 _aط1
264 3 1 _aعمان:دار حمورابي للنشر والتوزيع،2007
300 _a80ص
336 _atext
_btxt
_2rdacontent
337 _aunmediated
_bn
_2rdamedia
338 _avolume
_bnc
_2rdacarrier
650 4 _aالشعر العربي - تحليل ونقد 
_913359
999 _aA3306
_c6874
_d6874